[Event "CHN Team Women 2017"]
[Site "Beijing CHN"]
[Date "2017.06.07"]
[Round "2.1"]
[White "Yu Ting"]
[Black "Wang Jue"]
[Result "0-1"]
[WhiteElo "2184"]
[BlackElo "2367"]
[EventType "team"]

1.e4 c5 2.Nf3 d6 3.d4 cxd4 4.Nxd4 Nf6 5.Nc3 a6 6.Bc4 e6 7.Bb3 b5 8.O-O Be7
9.Qf3 Qc7 10.Qg3 O-O 11.Bh6 Ne8 12.Rad1 Bd7 13.a3 Nc6 14.Nxc6 Bxc6 15.f4 Kh8
16.Bg5 a5 17.f5 b4 18.axb4 axb4 19.Ne2 Nf6 20.Qh4 Bb5 21.Nf4 Bxf1 22.Rxf1 exf5
23.Nh5 Nxh5 24.Bxe7 Rfe8 25.Bg5 g6 26.exf5 Qc5+ 27.Qf2 Qxf2+ 28.Kxf2 Kg7
29.fxg6 fxg6 30.Rd1 Ra6 31.Be3 Rf8+ 32.Kg1 Re8 33.Kf2 Nf6 34.Bd4 Kh6 35.Bc4
Rc6 36.b3 d5 37.Bd3 Ne4+ 38.Kg1 Nc3 39.Bxc3 Rxc3 40.Ra1 Re3 41.Ra5 Rxb3
42.cxb3 Rxd3 43.Rb5 Rxb3 44.Rxd5 Rc3 45.Rb5 b3 46.h4 Kg7 47.Kh2 h5 48.Rb6 Kf7
49.Rd6 Rc4 50.Rb6 Rc3 51.Rd6 b2 52.Rb6 Rc2 53.Kh3 Ke7 54.g4 Kd7 55.gxh5 gxh5
56.Kg3 Kc7 57.Rb3 Kd6 58.Kf4 Rg2 59.Kf3 Rh2 60.Kg3 Rd2 61.Kf4 Kd5 62.Kg5 Kc4
63.Rxb2 Rxb2 64.Kxh5 Kd5 65.Kg6 Ke6 66.h5 Rg2+ {#R} 0-1

[Event "18th ch-EUR Indiv 2017"]
[Site "Minsk BLR"]
[Date "2017.06.06"]
[Round "7.67"]
[White "Vocaturo,D"]
[Black "Shevchenko,Kirill"]
[Result "0-1"]
[WhiteElo "2604"]
[BlackElo "2491"]

1.e4 c5 2.Nf3 d6 3.d4 cxd4 4.Nxd4 Nf6 5.Nc3 a6 6.h3 e5 7.Nde2 h5 8.Bg5 Be6
9.Bxf6 Qxf6 10.Nd5 Qd8 11.Qd3 Nd7 12.O-O-O Nf6 13.Nec3 Rc8 14.g3 g6 15.Kb1 Rc5
16.Bg2 Bxd5 17.exd5 Bh6 18.f4 exf4 19.Rde1+ Kf8 20.Rhf1 Kg8 21.gxf4 Bg7 22.Re2
Kh7 23.h4 Re8 24.Rfe1 Rxe2 25.Rxe2 Rxc3 26.bxc3 Qb6+ 27.Kc1 Qg1+ 28.Kd2 Qh2
29.f5 Bh6+ 30.Ke1 Qxh4+ 31.Kf1 Ng4 32.fxg6+ fxg6 33.Qh3 Qg5 34.Kg1 Qc1+ 35.Bf1
Be3+ 36.Kg2 Bc5 37.Kg3 Qg5 38.Qh4 Bf2+ 39.Rxf2 Qxh4+ 40.Kxh4 Nxf2 41.c4 Kh6
42.Bg2 b6 43.Kg3 Ng4 44.Kf4 g5+ {#R} 0-1

[Event "18th ch-EUR Indiv 2017"]
[Site "Minsk BLR"]
[Date "2017.06.06"]
[Round "7.99"]
[White "Abdulov,Or"]
[Black "Steinberg,N"]
[Result "0-1"]
[WhiteElo "2388"]
[BlackElo "2532"]

1.e4 c5 2.Nf3 d6 3.d4 cxd4 4.Nxd4 Nf6 5.Nc3 a6 6.h3 e5 7.Nde2 b5 8.g4 b4 9.Nd5
Nxd5 10.Qxd5 Ra7 11.Be3 Be6 12.Qd3 Rb7 13.Bg2 Be7 14.Ng3 g6 15.O-O Qc7 16.Rfd1
O-O 17.Bh6 Bc4 18.Qf3 Rc8 19.Nf5 gxf5 20.exf5 d5 21.f6 Rb6 22.fxe7 Rxh6 23.b3
Bb5 24.Qe3 Kg7 25.a4 Bc6 26.Qc5 Re6 27.Bxd5 Bxd5 28.Rxd5 Qxc5 {#R} 0-1

[Event "18th ch-EUR Indiv 2017"]
[Site "Minsk BLR"]
[Date "2017.06.10"]
[Round "11.24"]
[White "Bok,B"]
[Black "Khismatullin,D"]
[Result "1-0"]
[WhiteElo "2598"]
[BlackElo "2651"]

1.Nf3 c5 2.e4 d6 3.d4 cxd4 4.Nxd4 Nf6 5.Nc3 a6 6.Be3 e5 7.Nf3 Be7 8.Bc4 O-O
9.O-O Qc7 10.Bb3 Be6 11.Nh4 g6 12.Bh6 Re8 13.Qd2 Ng4 14.Bg5 Bxg5 15.Qxg5 Qd8
16.Nf3 Qxg5 17.Nxg5 Bxb3 18.axb3 h6 19.Nf3 Nd7 20.Rfd1 Re6 21.Nd2 Nb6 22.Nd5
Nxd5 23.exd5 Re7 24.Ne4 f5 25.Nxd6 Rd8 26.Nc4 Nf6 27.Nb6 Rc7 28.Rac1 Rd6
29.Nc4 Rxd5 30.Rxd5 Nxd5 31.Nxe5 Nf4 32.Kf1 Kg7 33.g3 Ne6 34.b4 Kf6 35.Nd3 g5
36.c3 h5 37.Re1 Rh7 38.Re5 h4 39.Rd5 hxg3 40.hxg3 Rh1+ 41.Ke2 f4 42.Rd6 fxg3
43.fxg3 Rh2+ 44.Kf3 Ke7 45.Rb6 Nd8 46.Kg4 Kd7 47.Rf6 Rd2 48.Nc5+ Kc7 49.b3 Rc2
50.Rf3 Ra2 51.Kxg5 b6 52.Ne4 Rb2 53.Kf6 Rxb3 54.g4 a5 55.g5 Rb1 56.g6 Rg1
57.g7 Ne6 58.Kxe6 Rxg7 59.bxa5 bxa5 60.Kd5 {#r} 1-0

[Event "12th American Continental"]
[Site "Medellin COL"]
[Date "2017.06.11"]
[Round "2.56"]
[White "Zavarce,Oscar Enrique"]
[Black "Pardo,Alejandro"]
[Result "1-0"]
[WhiteElo "2364"]
[BlackElo "2117"]

1.e4 c5 2.Nf3 d6 3.d4 cxd4 4.Nxd4 Nf6 5.Nc3 a6 6.Be3 e6 7.Qf3 Be7 8.Qg3 O-O
9.O-O-O Qc7 10.f4 b5 11.e5 Ne8 12.Bd3 dxe5 13.fxe5 f5 14.exf6 Qxg3 15.Bxh7+
Kf7 16.hxg3 Nxf6 17.Rdf1 Ke8 18.Bg6+ Kd7 19.Bf4 b4 20.Na4 Nd5 21.Be4 Bd8
22.Nxe6 Kxe6 23.Nc5+ {#r} 1-0

[Event "10th Mayors Cup Open 2017"]
[Site "Mumbai IND"]
[Date "2017.06.08"]
[Round "7.1"]
[White "Amonatov,F"]
[Black "Deepan,C"]
[Result "0-1"]
[WhiteElo "2632"]
[BlackElo "2480"]

1.e4 c5 2.Nf3 d6 3.d4 cxd4 4.Nxd4 Nf6 5.Nc3 a6 6.h3 e6 7.g4 Be7 8.g5 Nfd7
9.Be3 b5 10.Qd2 Bb7 11.a3 Nc6 12.Nxc6 Bxc6 13.O-O-O Qb8 14.Bf4 Ne5 15.Bg3 b4
16.axb4 Qxb4 17.f4 Rb8 18.b3 O-O 19.fxe5 Qa3+ 20.Kb1 Bxg5 21.Qh2 Rb4 22.exd6
Rfb8 23.Bc4 Rxc4 24.d7 Rxc3 25.Bxb8 Rxb3+ 26.cxb3 Bxe4+ 27.Qc2 Qxb3+ 28.Ka1
{#R} 0-1

[Event "10th Mayors Cup Open 2017"]
[Site "Mumbai IND"]
[Date "2017.06.08"]
[Round "7.3"]
[White "Tukhaev,A"]
[Black "Das,Say"]
[Result "1-0"]
[WhiteElo "2557"]
[BlackElo "2396"]

1.e4 c5 2.Nf3 d6 3.d4 cxd4 4.Nxd4 Nf6 5.Nc3 a6 6.h4 e5 7.Nb3 Be6 8.f4 Nc6 9.f5
Bxb3 10.axb3 Nb4 11.Bg5 Be7 12.Ra4 Nc6 13.Bxf6 Bxf6 14.g3 Rc8 15.Nd5 Ne7
16.Rc4 b5 17.Rxc8 Qxc8 18.c4 bxc4 19.Bxc4 Qc5 20.Ke2 O-O 21.Nxe7+ Bxe7 22.Qd5
a5 23.Ra1 h5 24.Rxa5 Qg1 25.Ra8 Qg2+ 26.Kd1 Qf3+ 27.Kc2 Rxa8 28.Qxa8+ Bf8
29.Kb1 Qe3 30.Ka2 Qb6 31.Bd5 Qc5 32.Qa4 Qc7 33.b4 Be7 34.Qe8+ Bf8 35.Qa8 Qb6
36.Qa5 Qb8 37.b5 {#r} 1-0

[Event "10th Mayors Cup Open 2017"]
[Site "Mumbai IND"]
[Date "2017.06.08"]
[Round "7.12"]
[White "Nitin,S"]
[Black "Sanjeev,K"]
[Result "1-0"]
[WhiteElo "2426"]
[BlackElo "2076"]

1.e4 c5 2.Nf3 d6 3.d4 cxd4 4.Nxd4 Nf6 5.Nc3 a6 6.Be3 e5 7.Nb3 Be7 8.h3 Be6
9.f4 exf4 10.Bxf4 Nc6 11.Qe2 Ne5 12.O-O-O Qc7 13.Nd4 O-O 14.g4 Rfc8 15.Nxe6
fxe6 16.Bxe5 dxe5 17.g5 Nd7 18.Qg4 Kh8 19.Qxe6 Bxg5+ 20.Kb1 Nf6 21.Bd3 Rf8
22.h4 Rae8 23.Qh3 Bh6 24.Rdf1 Nh5 25.Nd5 Qd6 26.Rd1 Qc6 27.Bf1 Rf2 28.Qd3 Nf4
29.Qb3 g6 30.Bh3 Rf8 31.a3 b5 32.h5 Nxh5 33.Bg4 a5 34.Bxh5 gxh5 35.Rxh5 a4
36.Qc3 Rc8 37.Rxh6 Qe8 38.Rxh7+ {#r} 1-0

[Event "10th Mayors Cup Open 2017"]
[Site "Mumbai IND"]
[Date "2017.06.10"]
[Round "9.4"]
[White "Amonatov,F"]
[Black "Grover,S"]
[Result "1-0"]
[WhiteElo "2632"]
[BlackElo "2478"]

1.e4 c5 2.Nf3 d6 3.d4 cxd4 4.Nxd4 Nf6 5.Nc3 a6 6.h3 e6 7.g4 Be7 8.Be3 b5 9.g5
Nfd7 10.Qd2 Bb7 11.Bg2 O-O 12.f4 Nc6 13.e5 Nxd4 14.Bxb7 dxe5 15.Bxa8 Qxa8
16.O-O-O Nf5 17.Qxd7 Nxe3 18.Qxe7 Qg2 19.Kb1 b4 20.Rd8 {#r} 1-0

[Event "12th Teplice Open 2017"]
[Site "Teplice CZE"]
[Date "2017.06.12"]
[Round "3.11"]
[White "Rubes,J"]
[Black "Ahlander,B"]
[Result "1-0"]
[WhiteElo "2323"]
[BlackElo "2423"]

1.e4 c5 2.Nf3 d6 3.d4 cxd4 4.Nxd4 Nf6 5.Nc3 a6 6.Be3 e5 7.Nb3 Be7 8.h3 O-O
9.g4 Be6 10.g5 Ne8 11.Qd2 a5 12.a4 Nc6 13.Nd5 Bxd5 14.exd5 Nb4 15.c3 Na6 16.h4
f5 17.f4 Qc7 18.Bb5 Nc5 19.Nxc5 dxc5 20.fxe5 Qxe5 21.O-O-O Qc7 22.g6 f4
23.gxh7+ Kh8 24.Bf2 Nd6 25.Bd3 c4 26.Bc2 b5 27.Bd4 bxa4 28.Bxg7+ Kxg7 29.Rhg1+
Kh8 30.Qd4+ Rf6 31.Rg6 Rf8 32.Rdg1 Qd8 33.Rg8+ Rxg8 34.hxg8=Q+ Qxg8 35.Rxg8+
Kxg8 36.Bd1 Kf8 37.Bf3 a3 38.bxa3 a4 39.h5 Kf7 40.Kd2 Kf8 41.Qa7 Nf7 42.Ke2
Rf5 43.Qxa4 Re5+ 44.Kf2 Bh4+ 45.Kg2 Rg5+ 46.Kf1 Ne5 47.Qa8+ Kf7 48.d6 Ke6
49.Qd5+ Kd7 50.Bg2 Ng4 51.Qc6+ Ke6 52.Bh3 Ke5 53.Qc5+ Ke4 54.Qxc4+ Ke5 55.Qd4+
Kf5 56.d7 Rg8 57.Qd5+ {#r} 1-0

[Event "FSGM June 2017"]
[Site "Budapest HUN"]
[Date "2017.06.07"]
[Round "5.5"]
[White "Sean,W"]
[Black "Ilincic,Z"]
[Result "0-1"]
[WhiteElo "2406"]
[BlackElo "2399"]

1.e4 c5 2.Nf3 d6 3.d4 cxd4 4.Nxd4 Nf6 5.Nc3 a6 6.Qe2 h5 7.Bg5 Nc6 8.O-O-O Qa5
9.Bxf6 gxf6 10.Nb3 Qg5+ 11.Kb1 e6 12.h4 Qh6 13.Na4 Bd7 14.Nb6 Rd8 15.g3 Be7
16.Bg2 Ne5 17.Na5 Bb5 18.c4 Bc6 19.f4 Ng4 20.e5 Bxg2 21.Qxg2 Ne3 22.Qe4 Nxd1
23.Nxb7 Nf2 24.Qc6+ Kf8 25.exd6 Kg7 26.Rc1 Qg6+ 27.Ka1 Bxd6 28.Nxd6 Nd3 29.f5
Qxg3 30.Nxf7 Nxc1 31.Qb7 Qb8 32.Nxd8+ Qxb7 33.Nxb7 Rb8 34.Nd6 Rxb6 35.c5 Rc6
36.fxe6 Kf8 37.b4 Nd3 38.a3 Ke7 39.Nf5+ {#R} 0-1

[Event "FSIM June 2017"]
[Site "Budapest HUN"]
[Date "2017.06.11"]
[Round "9.5"]
[White "Frolov,Artu"]
[Black "Balint,Vi"]
[Result "1-0"]
[WhiteElo "2399"]
[BlackElo "2229"]

1.e4 c5 2.Nf3 d6 3.d4 cxd4 4.Nxd4 Nf6 5.Nc3 a6 6.Be3 e5 7.Nb3 Be6 8.Qd2 Nbd7
9.O-O-O Be7 10.f3 h5 11.Nd5 Bxd5 12.exd5 Rc8 13.Qa5 Rc7 14.Kb1 Qc8 15.c4 b6
16.Bxb6 Nxb6 17.Qxb6 Nd7 18.Qe3 f5 19.g4 hxg4 20.fxg4 f4 21.Qg1 Nf6 22.Be2
Rxc4 23.Bxc4 Qxc4 24.Qa7 Kf7 25.Na5 Qe4+ 26.Ka1 Rd8 27.Rhe1 Qa4 28.Nc6 Rd7
29.Qg1 Nxd5 30.Rxd5 Qxc6 31.Red1 Rb7 32.g5 Qc2 33.R5d2 Qf5 34.h4 g6 35.Qf1 Rb6
36.Qc4+ Qe6 37.Qc7 d5 38.Rxd5 Rc6 39.Qxe5 {#r} 1-0

[Event "CHN Team Men 2017"]
[Site "Beijing CHN"]
[Date "2017.06.10"]
[Round "5.2"]
[White "Dai,Changren"]
[Black "Xu Jun"]
[Result "1-0"]
[WhiteElo "2423"]
[BlackElo "2514"]
[EventType "team"]

1.e4 c5 2.Nf3 d6 3.d4 cxd4 4.Nxd4 Nf6 5.Nc3 a6 6.h3 e6 7.g4 Nc6 8.Be3 Be7 9.g5
Nd7 10.h4 Qc7 11.h5 b5 12.Nxc6 Qxc6 13.Qd4 Ne5 14.O-O-O Rg8 15.f4 Nc4 16.Bxc4
bxc4 17.h6 Bf8 18.hxg7 Rxg7 19.f5 Bb7 20.f6 Rg8 21.Rxh7 Qc7 22.a3 Rd8 23.Qd2
d5 24.exd5 Bxd5 25.Nxd5 Rxd5 26.Qg2 Qe5 27.Rxd5 Qxd5 28.Qxd5 exd5 29.c3 Bd6
30.Kd2 Be5 31.Ke2 Rf8 32.Kf3 Kd7 33.Bc5 Bd6 34.Bxd6 Kxd6 35.Kf4 Ke6 36.Rh2 Rb8
37.Re2+ Kd6 38.g6 fxg6 {#r} 1-0

[Event "CHN Team Men 2017"]
[Site "Beijing CHN"]
[Date "2017.06.11"]
[Round "6.2"]
[White "Yu Yangyi"]
[Black "Zhou Jianchao"]
[Result "1-0"]
[WhiteElo "2749"]
[BlackElo "2595"]
[EventType "team"]

1.e4 c5 2.Nf3 d6 3.d4 cxd4 4.Nxd4 Nf6 5.Nc3 a6 6.Be3 e5 7.Nb3 Be6 8.Qd2 Nbd7
9.f3 h5 10.O-O-O Rc8 11.Kb1 Be7 12.Nd5 Bxd5 13.exd5 Nb6 14.Bxb6 Qxb6 15.Bd3
Rc7 16.c4 O-O 17.Rhe1 Bd8 18.g3 Re8 19.h3 Kf8 20.g4 hxg4 21.hxg4 a5 22.c5 Rxc5
23.Nxc5 Qxc5 24.Qh2 Bb6 25.g5 Nxd5 26.Qh8+ Ke7 27.Qxg7 Qb4 28.Bg6 Nc3+ 29.Ka1
Qc4 30.Qf6+ Kf8 31.Bxf7 Qxf7 32.Qxd6+ {#r} 1-0

[Event "CHN Team Women 2017"]
[Site "Beijing CHN"]
[Date "2017.06.06"]
[Round "1.1"]
[White "Wang Jue"]
[Black "Zhu,Jiner"]
[Result "1-0"]
[WhiteElo "2367"]
[BlackElo "2176"]
[EventType "team"]

1.e4 c5 2.Nf3 d6 3.d4 Nf6 4.Nc3 cxd4 5.Nxd4 a6 6.h3 e5 7.Nb3 Be7 8.g4 h6 9.Be3
Be6 10.Qf3 Nbd7 11.O-O-O b5 12.Nd5 Rc8 13.Kb1 Bxd5 14.exd5 Nb6 15.h4 Qc7
16.Bxb6 Qxb6 17.g5 Nd7 18.Bh3 Rc7 19.Nd2 Nc5 20.Qg2 g6 21.h5 gxh5 22.g6 Bg5
23.Ne4 fxg6 24.f4 exf4 25.Nxg5 hxg5 26.Rhe1+ Kf8 27.Qxg5 Rf7 28.Be6 Qc7
29.Bxf7 Kxf7 30.Qxf4+ Kg7 31.Qg5 Kf7 32.Rf1+ Kg7 33.Rde1 {#r} 1-0

[Event "18th ch-EUR Indiv 2017"]
[Site "Minsk BLR"]
[Date "2017.06.10"]
[Round "11.26"]
[White "Mastrovasilis,D"]
[Black "Swiercz,D"]
[Result "1-0"]
[WhiteElo "2580"]
[BlackElo "2649"]

1.e4 c5 2.Nf3 d6 3.d4 cxd4 4.Nxd4 Nf6 5.Nc3 a6 6.Be2 e5 7.Nb3 Be7 8.Bg5 Be6
9.Bxf6 Bxf6 10.Qd3 O-O 11.Rd1 Be7 12.Nd5 Bxd5 13.Qxd5 Qc7 14.Qd3 Nd7 15.O-O b5
16.Rfe1 Nb6 17.c3 Rab8 18.a3 Rfd8 19.Nd2 g6 20.Nf1 d5 21.exd5 Nxd5 22.Qc2 Bc5
23.Bf3 Nb6 24.Ne3 Rxd1 25.Rxd1 Bxe3 26.fxe3 Nc4 27.Qf2 Kg7 28.Bd5 Rb6 29.Rf1
f5 30.e4 f4 31.Bxc4 bxc4 32.Rd1 Rd6 33.Rxd6 Qxd6 34.h3 h5 35.Qa7+ Kh6 36.Qf7
Kg5 37.Qxc4 Qb6+ 38.Kh2 Qf2 39.Qd3 Kh4 40.b4 g5 41.c4 Qb2 42.c5 Qd4 43.g3+
{#r} 1-0

[Event "CHN Team Men 2017"]
[Site "Beijing CHN"]
[Date "2017.06.06"]
[Round "1.2"]
[White "Wang Rui"]
[Black "Xu Jun"]
[Result "1-0"]
[WhiteElo "2376"]
[BlackElo "2514"]
[EventType "team"]

1.e4 c5 2.Nf3 d6 3.d4 cxd4 4.Nxd4 Nf6 5.Nc3 a6 6.Be2 e5 7.Nb3 Be7 8.a4 Be6
9.O-O O-O 10.Be3 Nbd7 11.a5 Rc8 12.Bf3 Qc7 13.Re1 Rfd8 14.Nc1 Nc5 15.Nd3 Nxd3
16.cxd3 Re8 17.h3 h6 18.Qd2 Qd8 19.Bb6 Qd7 20.Bd1 Bd8 21.Ba4 Qe7 22.Bxe8 Qxe8
23.Bxd8 Qxd8 24.d4 exd4 25.Qxd4 Rc4 26.Qd3 Qc7 27.Red1 Rc6 28.Qe3 Rc4 29.Qf4
Rc6 30.Rdc1 Rc4 31.Ne2 Qc5 32.Rxc4 Qxc4 33.Ng3 Qb4 34.Rd1 d5 35.Qb8+ Kh7
36.exd5 Bxd5 37.Qe5 Qxa5 38.Nh5 Nxh5 39.Rxd5 Qa1+ 40.Kh2 g6 41.Rd7 Qa2 42.Rxb7
Ng7 43.Qf6 {#r} 1-0

[Event "CHN Team Women 2017"]
[Site "Beijing CHN"]
[Date "2017.06.10"]
[Round "5.6"]
[White "Xu Tong"]
[Black "Hu,Yu A."]
[Result "1-0"]
[WhiteElo "2176"]
[BlackElo "2043"]
[EventType "team"]

1.e4 c5 2.Nf3 d6 3.d4 cxd4 4.Nxd4 Nf6 5.Nc3 a6 6.Be2 e5 7.Nb3 Be7 8.O-O O-O
9.f4 exf4 10.Bxf4 Be6 11.Kh1 Nc6 12.a4 Rc8 13.Qd2 Qc7 14.Rad1 Rfd8 15.Qe3 Nd7
16.Qg3 Nde5 17.Nd5 Bxd5 18.exd5 Nb8 19.Nd4 Ng6 20.c3 Nd7 21.Nf5 Nde5 22.h4 Bf6
23.Bc1 Ne7 24.Ne3 Kh8 25.h5 Ng8 26.Rf4 g6 27.Rdf1 Qe7 28.Ng4 Bg7 29.Qh3 f5
30.Nxe5 Bxe5 31.hxg6 Bxf4 32.Bxf4 Qg7 33.Be3 Qxg6 34.Bd4+ Nf6 35.Rxf5 Rf8
36.Rxf6 {#r} 1-0

[Event "CHN Team Men 2017"]
[Site "Beijing CHN"]
[Date "2017.06.11"]
[Round "6.3"]
[White "Liu Guanchu"]
[Black "Gao Rui"]
[Result "0-1"]
[WhiteElo "2453"]
[BlackElo "2543"]
[EventType "team"]

1.e4 c5 2.Ne2 Nf6 3.Nbc3 d6 4.d4 cxd4 5.Nxd4 a6 6.f4 Qc7 7.Qf3 e5 8.Nb3 b5
9.Bd3 Be7 10.Bd2 Nbd7 11.a4 b4 12.Ne2 Rb8 13.O-O O-O 14.a5 d5 15.exd5 Bb7
16.Ng3 Bxd5 17.Qe2 Rfe8 18.Rac1 exf4 19.Bxf4 Bc5+ 20.Nxc5 Rxe2 21.Bxc7 Rxg2+
22.Kh1 Rxg3+ 23.Ne4 Rg6 {#R} 0-1

[Event "18th ch-EUR Indiv 2017"]
[Site "Minsk BLR"]
[Date "2017.06.10"]
[Round "11.74"]
[White "Baghdasaryan,V"]
[Black "Gabuzyan,H"]
[Result "1-0"]
[WhiteElo "2449"]
[BlackElo "2570"]

1.e4 c5 2.Nf3 d6 3.d4 cxd4 4.Nxd4 Nf6 5.Nc3 a6 6.Bg5 Nbd7 7.Bc4 g6 8.a4 Bg7
9.O-O Qb6 10.Be3 Qxb2 11.Na2 Ne5 12.Bb3 Nfg4 13.Qd2 Nc6 14.Nc3 Na5 15.Nd5 Nxb3
16.Nxb3 Nxe3 17.fxe3 Be6 18.Nc7+ Kd7 19.Nxe6 fxe6 20.Nc5+ Kc6 21.Nxe6 Qxa1
22.Rxa1 Bxa1 23.c3 Rac8 24.Nd4+ Kd7 25.Ne2 Rc7 26.e5 Rhc8 27.e6+ Kd8 28.Qd4
Rc4 29.Qg7 Re4 30.Qf8+ Kc7 31.Qxe7+ Kb8 32.Qxd6+ Ka7 33.Qd5 Rxa4 34.Qd7 {#r}
1-0

[Event "CHN Team Men 2017"]
[Site "Beijing CHN"]
[Date "2017.06.07"]
[Round "2.7"]
[White "Peng,Hongchi"]
[Black "Peng,Shunkai"]
[Result "1-0"]
[WhiteElo "2207"]
[BlackElo "2182"]
[EventType "team"]

1.e4 c5 2.Nf3 d6 3.d4 cxd4 4.Nxd4 Nf6 5.Nc3 a6 6.Bg5 Nbd7 7.Qe2 h6 8.Bh4 e6
9.f4 Qc7 10.O-O-O Be7 11.Nf3 e5 12.fxe5 dxe5 13.Nd5 Nxd5 14.exd5 Bd6 15.Nd2
O-O 16.g4 Nc5 17.Nc4 Bd7 18.Nxd6 Qxd6 19.Bg3 Rfe8 20.Bg2 Rac8 21.h3 Na4 22.Qe3
f6 23.Kb1 Rc3 24.Rd3 Qb4 25.b3 e4 26.Rxc3 Nxc3+ 27.Kb2 Nxd5 28.Qe1 Qc5 29.c3
Rc8 30.Bf2 Qa5 31.Bd4 Re8 32.Bxe4 Nf4 33.Qb1 Bc6 34.Re1 Kh8 35.Bc2 Ne2 36.Qd1
Bb5 37.a4 Nxd4 38.Rxe8+ Bxe8 39.Qxd4 Qe5 40.Qb4 Qd5 41.c4 Qe5+ 42.Ka2 Bf7
43.Qxb7 Qc3 44.Qe4 g6 45.Qd3 Qe5 46.Qf3 Kg7 47.Ka3 a5 48.Ka2 Qd4 49.Qd3 Qe5
50.h4 Qh2 51.c5 Qxh4 52.c6 Qxg4 53.Qd7 Qe2 54.Kb2 Qe5+ 55.Kb1 Qe1+ 56.Bd1 Qe4+
57.Kb2 Qe5+ 58.Kc1 Qe3+ 59.Kb2 Qe5+ 60.Kc2 Qe4+ 61.Kc3 Qe3+ 62.Kb2 Qe5+ 63.Kc2
Qe4+ 64.Kd2 Qd5+ 65.Kc3 h5 66.Qxd5 Bxd5 67.c7 Bb7 68.Bf3 Bc8 69.b4 axb4+
70.Kxb4 h4 71.Kb5 Kf7 72.Kb6 Ke7 73.Bb7 Kd7 74.a5 h3 75.a6 h2 76.Bc6+ {#r} 1-0

[Event "10th Mayors Cup Open 2017"]
[Site "Mumbai IND"]
[Date "2017.06.09"]
[Round "8.12"]
[White "Saurabh,Anand"]
[Black "Iniyan,P"]
[Result "1-0"]
[WhiteElo "2266"]
[BlackElo "2392"]

1.e4 c5 2.Nf3 d6 3.d4 cxd4 4.Nxd4 Nf6 5.Nc3 a6 6.Bg5 e6 7.f4 Qc7 8.Qe2 Nc6
9.O-O-O Be7 10.Nxc6 Qxc6 11.g4 h6 12.Bh4 g5 13.fxg5 Nd7 14.Bg3 hxg5 15.h4 gxh4
16.Qh2 e5 17.Qf2 Nf6 18.Bxh4 Bxg4 19.Bb5 axb5 20.Bxf6 Rg8 21.Rdg1 Bf8 22.Rh4
b4 23.Nd5 b3 24.a3 Be2 25.c3 Rxg1+ 26.Qxg1 Qc4 27.Qe3 Bd3 28.Nb6 Qe6 29.Nd5
Qc8 30.Qxd3 Qc5 31.Qe3 Qc4 32.Qh3 Ra5 33.Rh8 {#r} 1-0

[Event "12th American Continental"]
[Site "Medellin COL"]
[Date "2017.06.10"]
[Round "1.34"]
[White "Torres Rojas,Y"]
[Black "Terry,R"]
[Result "0-1"]
[WhiteElo "2022"]
[BlackElo "2454"]

1.e4 e6 2.d4 d5 3.Bd3 dxe4 4.Bxe4 Nf6 5.Bf3 Nbd7 6.Ne2 e5 7.O-O Bd6 8.Ng3 O-O
9.Re1 Re8 10.d5 Nb6 11.Nc3 Bb4 12.Bg5 h6 13.Bxf6 Qxf6 14.Qd3 Bd7 15.a3 Bf8
16.Nb5 Qd8 17.Rad1 a6 18.Nc3 Rb8 19.Be4 Nc8 20.Bf5 Bxf5 21.Qxf5 g6 22.Qg4 Bg7
23.Qa4 f5 24.Nce2 Nd6 25.f4 Qh4 26.Rf1 g5 27.Nc3 exf4 28.Nge2 Re7 29.Nd4 Bxd4+
30.Qxd4 Rbe8 31.Qf6 Rf7 32.Qg6+ Kh8 33.Rd3 g4 34.Rxf4 Re1+ 35.Rf1 Rxf1+
36.Kxf1 Rf6 {#R} 0-1

[Event "10th Mayors Cup Open 2017"]
[Site "Mumbai IND"]
[Date "2017.06.10"]
[Round "9.5"]
[White "Saravana,Kr"]
[Black "Ghosh,D"]
[Result "0-1"]
[WhiteElo "2345"]
[BlackElo "2569"]

1.e4 e6 2.Nf3 d5 3.Nc3 Nf6 4.e5 Nfd7 5.d4 c5 6.dxc5 Nc6 7.Bf4 Bxc5 8.Bd3 a6
9.Qe2 h6 10.h4 Be7 11.h5 Nc5 12.Rh3 b5 13.a3 Nxd3+ 14.Qxd3 b4 15.axb4 Nxb4
16.Qd2 d4 17.Na2 Rb8 18.Nxb4 Rxb4 19.c3 dxc3 20.bxc3 Qxd2+ 21.Bxd2 Re4+ 22.Kd1
O-O 23.Be3 Bb7 24.Bd4 Rg4 25.Rg3 Rxg3 26.fxg3 Ra8 27.Bb6 f6 28.exf6 Bxf6
29.Kd2 e5 30.Ra5 e4 31.Nd4 Rc8 32.Ra3 Be7 33.Ra1 Bg5+ 34.Kc2 e3 35.Kd3 Re8
36.c4 Bxg2 37.Re1 Be4+ 38.Kc3 Kf7 39.c5 Ke7 40.Bc7 Rc8 41.Bd6+ Kd7 42.Rf1 Bf6
43.Re1 Be5 44.Bxe5 Rxc5+ 45.Kb4 Rxe5 46.Rxe3 Kd6 47.g4 Kd5 48.Nb3 Bc2 49.Rc3
Bxb3 50.Rxb3 Ke4 51.Rc3 a5+ 52.Ka4 Rg5 53.Rc7 Kf4 {#R} 0-1

[Event "CHN Team Women 2017"]
[Site "Beijing CHN"]
[Date "2017.06.10"]
[Round "5.3"]
[White "Cao,Yuhua"]
[Black "Ning,Kaiyu"]
[Result "0-1"]
[WhiteElo "2049"]
[BlackElo "2078"]
[EventType "team"]

1.e4 e6 2.d4 d5 3.exd5 exd5 4.Bd3 Nc6 5.c3 Bd6 6.Nf3 h6 7.O-O Qf6 8.Be3 Nge7
9.Re1 g5 10.b4 g4 11.Nfd2 h5 12.Nf1 h4 13.Nbd2 Qg7 14.Qe2 f5 15.f4 Nd8 16.g3
Ne6 17.Nb3 b6 18.Qg2 hxg3 19.hxg3 Bb7 20.a3 O-O-O 21.Kf2 Rh3 22.Ke2 Rdh8
23.Ra2 R8h5 24.Rd2 Ng8 25.Kd1 Nf6 26.Kc2 Ne4 27.Bxe4 fxe4 28.Nc1 Qd7 29.Kb2
Ba6 30.Ne2 Bc4 31.Qf2 Ng7 32.Nc1 Nf5 33.Kb1 Bxf1 34.Qxf1 Rxg3 35.Qa6+ Kb8
36.Nb3 Qc8 37.Qb5 c6 38.Qa4 b5 {#R} 0-1

[Event "CHN Team Women 2017"]
[Site "Beijing CHN"]
[Date "2017.06.10"]
[Round "5.4"]
[White "Ding Linlin"]
[Black "Zhang Xiaowen"]
[Result "1-0"]
[WhiteElo "2170"]
[BlackElo "2355"]
[EventType "team"]

1.e4 e6 2.d4 d5 3.exd5 exd5 4.Bd3 Nf6 5.Nf3 Be7 6.O-O O-O 7.h3 c5 8.c3 Nc6
9.Be3 b6 10.Nbd2 Bb7 11.Nh4 g6 12.Nhf3 Nh5 13.Re1 Re8 14.Nf1 Qc7 15.N1h2 f5
16.c4 f4 17.Bd2 Nxd4 18.Nxd4 cxd4 19.Rc1 Bf6 20.Qg4 Kg7 21.Rxe8 Rxe8 22.cxd5
Qd6 23.Bb5 Re7 24.Bc6 Be5 25.Qf3 Nf6 26.Ng4 Nxg4 27.hxg4 Ba6 28.Qb3 Qf6 29.Re1
Bd6 30.Re6 Rxe6 31.dxe6 Qe5 32.Qa4 f3 33.g3 Bc8 34.Qxa7+ Bc7 35.Bxf3 Kf6
36.Bf4 Qe1+ 37.Kg2 {#r} 1-0

[Event "CHN Team Men 2017"]
[Site "Beijing CHN"]
[Date "2017.06.08"]
[Round "3.3"]
[White "Liu Guanchu"]
[Black "Yu Shaoteng"]
[Result "1-0"]
[WhiteElo "2453"]
[BlackElo "2479"]
[EventType "team"]

1.e4 e6 2.d4 d5 3.e5 c5 4.c3 Nc6 5.Nf3 Qb6 6.a3 Bd7 7.b4 cxd4 8.cxd4 Rc8 9.Be3
Nh6 10.Bd3 Ng4 11.O-O Be7 12.Nbd2 Nxe3 13.fxe3 Nb8 14.Qe2 Ba4 15.Rac1 O-O
16.Nb1 f5 17.exf6 Bxf6 18.Nc3 Bd7 19.b5 Qa5 20.Qb2 Be7 21.a4 Qb4 22.Qc2 h6
23.Qd2 Bf6 24.Nxd5 Qxa4 25.Nxf6+ Rxf6 26.Rxc8+ Bxc8 27.Qc3 {#r} 1-0

[Event "10th Mayors Cup Open 2017"]
[Site "Mumbai IND"]
[Date "2017.06.11"]
[Round "10.16"]
[White "Sekar,B"]
[Black "Saravana,Kr"]
[Result "0-1"]
[WhiteElo "2247"]
[BlackElo "2345"]

1.e4 e6 2.d4 d5 3.Nd2 a6 4.c3 c5 5.dxc5 Bxc5 6.Bd3 Nc6 7.Ngf3 Nf6 8.O-O Qc7
9.Qe2 Be7 10.Re1 h6 11.Bc2 b6 12.e5 Nd7 13.Nf1 Bb7 14.Ng3 g6 15.h4 O-O-O
16.Nf1 g5 17.h5 g4 18.Nd4 Ncxe5 19.Bf4 Bd6 20.Bg3 Rhg8 21.Qd2 Nc4 22.Qxh6 Rh8
23.Qg7 Rxh5 24.Bxd6 Nxd6 25.Ng3 Rhh8 26.Bh7 Nc5 27.Re5 Nde4 28.Bxe4 dxe4
29.Rg5 e3 30.Qf6 Nd7 {#R} 0-1

[Event "12th American Continental"]
[Site "Medellin COL"]
[Date "2017.06.11"]
[Round "2.23"]
[White "Vera Siguenas,D"]
[Black "Pazos Gambarrotti,P"]
[Result "1-0"]
[WhiteElo "2526"]
[BlackElo "2232"]

1.e4 e6 2.d4 d5 3.Nd2 Nc6 4.Ngf3 Nf6 5.e5 Nd7 6.Nb3 a5 7.a4 Be7 8.Bb5 Ncb8
9.O-O b6 10.Re1 Ba6 11.Bxa6 Rxa6 12.g3 O-O 13.h4 c5 14.c3 Ra7 15.Bg5 Nc6
16.Nc1 h6 17.Bf4 Re8 18.b3 Rc7 19.Nd3 cxd4 20.cxd4 Ndb8 21.Qd2 Nb4 22.Rec1
N8c6 23.Nde1 Bf8 24.Ng2 Qa8 25.Ne3 Qa6 26.Rc3 Rec8 27.Rac1 Qb7 28.Ng4 h5
29.Nf6+ Kh8 30.Nxh5 Ne7 31.Ng5 Rxc3 32.Rxc3 Rxc3 33.Qxc3 Qc6 34.Qf3 Kg8 35.Bd2
Nf5 36.g4 Nh6 37.Nh3 Qc2 38.Bxh6 gxh6 39.Nf6+ Kg7 40.g5 hxg5 41.Nxg5 Qf5
42.Qg3 {#r} 1-0